[Event "European Youth Chess Championship G12"]
[Site "Prague, Top Hotel Prague"]
[Date "2016.08.18"]
[Round "1.25"]
[White "Dziatko, Evgeniya"]
[Black "Rahulan, Thivyaa"]
[Result "1/2-1/2"]
[WhiteElo "1709"]
[BlackElo "1428"]
[PlyCount "74"]
[EventDate "2016.08.18"]

1. e4 e6 2. d4 d5 3. Nd2 Nf6 4. e5 Nfd7 5. Bd3 c5 6. c3 Nc6 7. Ne2 Qb6 8. Nf3
cxd4 9. cxd4 f6 10. exf6 Nxf6 11. O-O Bd6 12. Re1 O-O 13. Bf4 Bxf4 14. Nxf4 Re8
15. b3 Bd7 16. Rc1 Rac8 17. Qd2 a5 18. Bb1 Re7 19. h3 Rce8 20. Re3 Rf8 21. Rce1
Ne4 22. Bxe4 Rxf4 23. Bxd5 Nxd4 24. Nxd4 Rxd4 25. Rd3 Rxd3 26. Qxd3 Rf7 27. Bf3
Qc7 28. Rd1 Re7 29. Qd6 Bb5 30. Bg4 Qxd6 31. Rxd6 e5 32. Be6+ Kf8 33. Rd8+ Re8
34. Rxe8+ Kxe8 35. f3 Ke7 36. Bd5 b6 37. Kf2 Kd6 1/2-1/2

[Event "European Youth Chess Championship G12"]
[Site "Prague, Top Hotel Prague"]
[Date "2016.08.18"]
[Round "1.26"]
[White "Stastna, Martina"]
[Black "Toncheva, Nadya"]
[Result "0-1"]
[WhiteElo "1423"]
[BlackElo "1689"]
[PlyCount "56"]
[EventDate "2016.08.18"]

1. e4 c5 2. Nf3 e6 3. c3 d5 4. exd5 exd5 5. d4 Nf6 6. Be2 Nc6 7. Be3 cxd4 8.
Nxd4 Bd6 9. Nd2 O-O 10. O-O a6 11. N2b3 Bd7 12. Bf3 Qe7 13. Re1 Be6 14. Bg5 h6
15. Bh4 Ne5 16. Nxe6 fxe6 17. Be2 g5 18. Bg3 Ne4 19. Bxe5 Bxe5 20. Bf3 Qf6 21.
Qc2 Qf4 22. h3 Rf6 23. Rad1 Raf8 24. Nc1 Qh2+ 25. Kf1 Rxf3 26. gxf3 Qh1+ 27.
Ke2 Qxf3+ 28. Kf1 Qh1+ 0-1

[Event "European Youth Chess Championship G12"]
[Site "Prague, Top Hotel Prague"]
[Date "2016.08.18"]
[Round "1.27"]
[White "Babineca, Darja"]
[Black "Vavrinkova, Anna"]
[Result "1-0"]
[WhiteElo "1686"]
[BlackElo "1421"]
[PlyCount "49"]
[EventDate "2016.08.18"]

1. e4 e5 2. Nf3 Nf6 3. Nxe5 d6 4. Nf3 Nxe4 5. d4 d5 6. Bd3 Bd6 7. c4 c6 8. Qc2
O-O 9. O-O Re8 10. cxd5 cxd5 11. Nc3 Bf5 12. Re1 Nxc3 13. Bxf5 Rxe1+ 14. Nxe1
Nb5 15. Bxh7+ Kh8 16. Nf3 Nc6 17. Bg5 Nbxd4 18. Nxd4 Nxd4 19. Qd2 Qb6 20. Bd3
Re8 21. Be3 Bc5 22. Re1 Qc6 23. Rc1 Qb6 24. Qc3 Rc8 25. Bxd4 1-0

[Event "European Youth Chess Championship G12"]
[Site "Prague, Top Hotel Prague"]
[Date "2016.08.18"]
[Round "1.28"]
[White "Urbanc, Tina"]
[Black "Donghvani, Nia"]
[Result "0-1"]
[WhiteElo "1419"]
[BlackElo "1686"]
[PlyCount "124"]
[EventDate "2016.08.18"]

1. c4 Nf6 2. Nc3 c5 3. Nf3 Nc6 4. d4 cxd4 5. Nxd4 e6 6. g3 Be7 7. Bg2 O-O 8.
O-O Qb6 9. Nb3 Qb4 10. Nd2 Ne5 11. a3 Qc5 12. b4 Qd4 13. Qb3 a5 14. Nb5 Qb6 15.
Bb2 Nc6 16. Bc3 d5 17. e3 dxc4 18. Qxc4 e5 19. bxa5 Nxa5 20. Qe2 Bd7 21. a4
Rfc8 22. Bxe5 Nc6 23. Bxf6 Bxf6 24. Rab1 Qa6 25. Rfc1 Be7 26. Nc3 Qa7 27. Nc4
Nb4 28. Rd1 Be6 29. Rd4 Bf6 30. Nb5 Qc5 31. Bxb7 Bxd4 32. exd4 Qf8 33. Bxa8
Bxc4 34. Qg4 Rxa8 35. d5 Bxb5 36. axb5 Nxd5 37. Qf3 Nb6 38. Qc6 Rb8 39. Ra1 Qc8
40. Ra6 Qxc6 41. bxc6 Nd5 42. Ra7 Rc8 43. Rd7 Nb6 44. Rb7 Rxc6 45. Rb8+ Nc8 46.
Kg2 g6 47. h4 Kg7 48. Rb2 Nd6 49. f3 Nc4 50. Rb3 Rd6 51. Kh3 Rd1 52. Kg2 Ne5
53. Re3 Kf6 54. g4 Rd3 55. Rxd3 Nxd3 56. Kg3 Ke5 57. g5 Kf5 58. Kg2 Kf4 59. Kh3
Kxf3 60. Kh2 Kg4 61. Kg2 Kxh4 62. Kf3 Kxg5 0-1

[Event "European Youth Chess Championship G12"]
[Site "Prague, Top Hotel Prague"]
[Date "2016.08.18"]
[Round "1.29"]
[White "Vorobyova, Ekaterina"]
[Black "Di, Maulo Alessandra"]
[Result "1-0"]
[WhiteElo "1686"]
[BlackElo "1397"]
[PlyCount "61"]
[EventDate "2016.08.18"]

1. d4 d5 2. Nf3 Nf6 3. e3 e6 4. Bd3 c5 5. b3 Bd6 6. O-O O-O 7. Bb2 Nc6 8. Nbd2
Re8 9. Ne5 Bd7 10. Nxd7 Qxd7 11. dxc5 Be5 12. Rb1 Rac8 13. Qe2 a6 14. a3 Qe7
15. b4 Qc7 16. h3 h6 17. c4 dxc4 18. Nxc4 Bxb2 19. Rxb2 Rcd8 20. Nd6 Re7 21.
Rd1 Ne8 22. Nxe8 Rexe8 23. Rbd2 Ne5 24. Be4 Rxd2 25. Qxd2 Nc6 26. Qd7 Rc8 27.
Qxc7 Rxc7 28. Bxc6 Rxc6 29. Rd8+ Kh7 30. Rd7 b6 31. Rd6 1-0

[Event "European Youth Chess Championship G12"]
[Site "Prague, Top Hotel Prague"]
[Date "2016.08.18"]
[Round "1.30"]
[White "Simonova, Stela"]
[Black "Adamczyk, Zuzanna"]
[Result "0-1"]
[WhiteElo "1393"]
[BlackElo "1672"]
[PlyCount "88"]
[EventDate "2016.08.18"]

1. d4 d5 2. Bf4 Nf6 3. Nf3 c5 4. c3 Qb6 5. Qc2 Nc6 6. e3 Bf5 7. Qb3 e6 8. Nbd2
c4 9. Qxb6 axb6 10. Be2 h6 11. h3 b5 12. O-O b4 13. cxb4 Bxb4 14. a3 Be7 15.
Nh4 Bh7 16. Nhf3 O-O 17. Rfc1 b5 18. Ne5 Nxe5 19. Bxe5 Nd7 20. Bg3 Ra7 21. Bd1
Rfa8 22. f3 b4 23. a4 b3 24. e4 Rxa4 25. Rxa4 Rxa4 26. Bxb3 cxb3 27. Rc7 Rxd4
28. Nxb3 Rd1+ 29. Kh2 dxe4 30. fxe4 Bxe4 31. Rc4 Bd5 32. Rc3 Bxb3 33. Rxb3 Bd6
34. Bxd6 Rxd6 35. Rc3 Rb6 36. b3 Kf8 37. Kg3 Nf6 38. Kf3 Nd5 39. Rd3 f5 40. Kg3
Ke7 41. Kf3 Rb5 42. Kf2 e5 43. Rg3 Kf6 44. Rd3 e4 0-1

[Event "European Youth Chess Championship G12"]
[Site "Prague, Top Hotel Prague"]
[Date "2016.08.18"]
[Round "1.31"]
[White "Toth, Nikoletta"]
[Black "Katter, Katharina"]
[Result "0-1"]
[WhiteElo "1668"]
[BlackElo "1380"]
[PlyCount "92"]
[EventDate "2016.08.18"]

1. e4 e5 2. Nf3 Nc6 3. Bb5 a6 4. Bxc6 dxc6 5. h3 Ne7 6. d3 Ng6 7. O-O Bd6 8. d4
exd4 9. Qxd4 f6 10. Qc4 Qe7 11. Qb3 b6 12. Qc4 Bb7 13. Nc3 O-O-O 14. a4 Rhe8
15. Be3 Bb4 16. Na2 Bd6 17. Nd2 Ne5 18. Qc3 c5 19. Rfb1 a5 20. Qb3 Nc6 21. Nc3
Qe5 22. f4 Qe7 23. Nd5 Qd7 24. Nc4 Kb8 25. Rd1 Qe6 26. Kh1 h5 27. Rd2 Ne7 28.
f5 Qf7 29. Ndxb6 cxb6 30. Nxd6 Qxb3 31. cxb3 Rf8 32. Bf4 Ka7 33. Nb5+ Ka8 34.
Nc7+ Ka7 35. Rad1 Rxd2 36. Rxd2 Nc6 37. Rd7 Rg8 38. Ne6 g5 39. fxg6 Rxg6 40.
Rh7 Rg8 41. Rxh5 Nd4 42. Nc7 Bxe4 43. Nb5+ Nxb5 44. axb5 Rxg2 45. Rh7+ Rg7+ 46.
Kh2 Rxh7 0-1

[Event "European Youth Chess Championship G12"]
[Site "Prague, Top Hotel Prague"]
[Date "2016.08.18"]
[Round "1.32"]
[White "Kuhar, Larisa"]
[Black "Ozbek, Busra"]
[Result "0-1"]
[WhiteElo "1378"]
[BlackElo "1660"]
[PlyCount "150"]
[EventDate "2016.08.18"]

1. e4 g6 2. d4 Bg7 3. Nc3 d6 4. f4 a6 5. Nf3 b5 6. a3 Bb7 7. Be3 Nd7 8. Bd3
Ngf6 9. h3 O-O 10. O-O Rc8 11. Qd2 c5 12. d5 c4 13. Be2 Nc5 14. Bxc5 dxc5 15.
Qe3 Qc7 16. Rad1 Rfd8 17. Kh1 Qd7 18. Nh2 b4 19. Nb1 Qa4 20. Rd2 c3 21. b3 Qd7
22. Rdd1 Qc7 23. Ng4 Ne8 24. Qf3 Nd6 25. a4 Qd7 26. Ne3 Ra8 27. Nc4 Nxc4 28.
Bxc4 Qc7 29. Qe2 Qb6 30. e5 a5 31. Rfe1 Ba6 32. Bxa6 Qxa6 33. Qxa6 Rxa6 34. Re4
f6 35. Re3 Ra7 36. d6 Rad7 37. Red3 exd6 38. e6 Re7 39. Rxd6 Rxd6 40. Rxd6 f5
41. Ra6 Bd4 42. Kh2 Kg7 43. g4 fxg4 44. hxg4 c4 45. bxc4 b3 46. Nxc3 Bxc3 47.
cxb3 Bb4 48. g5 Rc7 49. Kg3 Kf8 50. Kf3 Ke7 51. Ke4 Rc5 52. Ra7+ Kxe6 53. Rxh7
Bc3 54. Ra7 Rc6 55. Kd3 Bb4 56. Rg7 Kf5 57. Rf7+ Kg4 58. Ke4 Re6+ 59. Kd3 Rd6+
60. Ke4 Re6+ 61. Kd3 Bc5 62. Rc7 Bb6 63. Rc8 Re3+ 64. Kc2 Bd4 65. Rb8 Kxf4 66.
Rb5 Re5 67. Rxe5 Kxe5 68. Kd3 Bc5 69. Kc3 Ke4 70. Kc2 Ke3 71. Kc3 Bb4+ 72. Kc2
Ke2 73. c5 Bxc5 74. Kc3 Kf3 75. Kc4 Bb4 0-1

[Event "European Youth Chess Championship G12"]
[Site "Prague, Top Hotel Prague"]
[Date "2016.08.18"]
[Round "1.33"]
[White "Murzina, Agata"]
[Black "Ruzic, Pia Marie"]
[Result "1-0"]
[WhiteElo "1651"]
[BlackElo "1353"]
[PlyCount "57"]
[EventDate "2016.08.18"]

1. e4 e6 2. c4 d5 3. exd5 exd5 4. cxd5 Qxd5 5. Nc3 Qd8 6. Bc4 Nf6 7. Nf3 Be7 8.
O-O O-O 9. h3 Nc6 10. d4 Na5 11. Bd3 Be6 12. Ng5 Bc4 13. Re1 h6 14. Nf3 Re8 15.
Ne5 Bxd3 16. Qxd3 Nd5 17. Qf3 Nf6 18. Be3 Bd6 19. Rad1 c6 20. a3 Nb3 21. Ne4
Re7 22. Nxf6+ gxf6 23. Bxh6 Kh7 24. Qxf6 Qg8 25. Re3 Re6 26. Qf5+ Kxh6 27.
Nxf7+ Kg7 28. Qxe6 Qxf7 29. Qxd6 1-0

[Event "European Youth Chess Championship G12"]
[Site "Prague, Top Hotel Prague"]
[Date "2016.08.18"]
[Round "1.34"]
[White "Lobanova, Milana"]
[Black "Garau, Francesca"]
[Result "1/2-1/2"]
[WhiteElo "1348"]
[BlackElo "1621"]
[PlyCount "80"]
[EventDate "2016.08.18"]

1. d4 d5 2. e4 c6 3. exd5 cxd5 4. Bd3 Nf6 5. Nf3 Bg4 6. O-O e6 7. Bg5 Be7 8.
Nbd2 O-O 9. h3 Bh5 10. c3 Nbd7 11. Qc2 h6 12. Be3 Rc8 13. Ne5 Nxe5 14. dxe5 Nd7
15. f4 Bc5 16. Bxc5 Nxc5 17. b4 Nxd3 18. Qxd3 Qb6+ 19. Kh1 Bg6 20. Qd4 Qxd4 21.
cxd4 Rc2 22. Nb3 b6 23. Kg1 Rfc8 24. Rac1 Bd3 25. Rxc2 Rxc2 26. Rf2 Kf8 27.
Rxc2 Bxc2 28. Kf2 Bxb3 29. axb3 b5 30. g4 g6 31. h4 Ke7 32. Ke2 Kd7 33. Kd3 h5
34. g5 Kc6 35. Kc3 Kb6 36. Kb2 a5 37. Ka3 axb4+ 38. Kxb4 Ka6 39. Ka3 Ka5 40.
b4+ Kb6 1/2-1/2

[Event "European Youth Chess Championship G12"]
[Site "Prague, Top Hotel Prague"]
[Date "2016.08.18"]
[Round "1.35"]
[White "Goraj, Barbara"]
[Black "Datelova, Daniela"]
[Result "1-0"]
[WhiteElo "1619"]
[BlackElo "1340"]
[PlyCount "77"]
[EventDate "2016.08.18"]

1. e4 d5 2. exd5 Nf6 3. Nf3 Nxd5 4. d4 Nc6 5. c4 Nf6 6. Be2 Bg4 7. Be3 e6 8.
O-O Be7 9. Nc3 O-O 10. Qd2 Qd7 11. Rfd1 Rfd8 12. a3 a6 13. b4 b6 14. Qb2 Rab8
15. Ne5 Qe8 16. Nxg4 Nxg4 17. Bxg4 Bd6 18. Bf3 f5 19. Bxc6 Qxc6 20. Qe2 Rf8 21.
f4 Rf6 22. Qd3 Rg6 23. d5 exd5 24. Qxd5+ Qxd5 25. Nxd5 Re8 26. Kf2 Kf7 27. c5
bxc5 28. bxc5 Be7 29. Nxe7 Rxe7 30. Rd5 Ke6 31. Re5+ Kf6 32. Bd4 Rxe5 33. Bxe5+
Ke7 34. Bxc7 Rc6 35. Bd6+ Kd7 36. Re1 Kd8 37. Re7 g6 38. Rxh7 Ke8 39. Rg7 1-0

[Event "European Youth Chess Championship G12"]
[Site "Prague, Top Hotel Prague"]
[Date "2016.08.18"]
[Round "1.36"]
[White "Maziukaite, Kristina"]
[Black "Korenova, Simona"]
[Result "1-0"]
[WhiteElo "1323"]
[BlackElo "1612"]
[PlyCount "159"]
[EventDate "2016.08.18"]

1. d4 d5 2. c4 c6 3. Nf3 Nf6 4. Nc3 Bf5 5. e3 e6 6. Nh4 Bg4 7. f3 Bh5 8. g3 Be7
9. Ng2 O-O 10. Nf4 Bd6 11. Nxh5 Nxh5 12. f4 Nf6 13. Qc2 Nbd7 14. Bd2 Rc8 15.
O-O-O c5 16. cxd5 cxd4 17. exd4 Nxd5 18. Kb1 Qb6 19. Nxd5 exd5 20. Qa4 Qc7 21.
Rc1 Nb6 22. Rxc7 Nxa4 23. Rxb7 Rb8 24. Rxb8 Rxb8 25. b3 Be7 26. Bg2 Bf6 27.
Bxd5 Bxd4 28. Re1 Nb6 29. Bg2 h6 30. Re7 Nc4 31. Bc1 Bg1 32. h3 Nd6 33. g4 Rc8
34. Be3 Bxe3 35. Rxe3 Nb5 36. Kb2 Nd4 37. Be4 Nb5 38. a4 Nd6 39. Bd5 Rc5 40.
Rd3 Ne8 41. b4 Rc8 42. a5 Rb8 43. Kb3 Kf8 44. Ka4 a6 45. Rc3 Nf6 46. Bf3 Ne8
47. Rc6 Ra8 48. Be2 Ke7 49. Rxa6 Rxa6 50. Bxa6 Kd6 51. Bc4 f6 52. a6 Kc7 53. b5
Kb6 54. Kb4 Nd6 55. Kc3 f5 56. Kd4 fxg4 57. hxg4 g6 58. Be2 Nf7 59. Kd5 Ka7 60.
Ke6 Nd8+ 61. Kf6 g5 62. fxg5 hxg5 63. Kxg5 Ne6+ 64. Kf6 Nf4 65. Bc4 Nh3 66. g5
Nxg5 67. Kxg5 Kb6 68. Kf6 Ka7 69. Ke6 Kb6 70. Kd6 Ka7 71. Kc6 Ka8 72. b6 Kb8
73. a7+ Ka8 74. b7+ Kxa7 75. Bg8 Kb8 76. Bd5 Ka7 77. Kc7 Ka6 78. b8=Q Ka5 79.
Qb6+ Ka4 80. Be6 1-0

[Event "European Youth Chess Championship G12"]
[Site "Prague, Top Hotel Prague"]
[Date "2016.08.18"]
[Round "1.37"]
[White "Van Den Brink, Nienke"]
[Black "Kostina, Veronika"]
[Result "0-1"]
[WhiteElo "1612"]
[BlackElo "1309"]
[PlyCount "52"]
[EventDate "2016.08.18"]

1. e4 c5 2. Nc3 e6 3. f4 Nc6 4. Nf3 d5 5. exd5 exd5 6. Bb5 Nf6 7. Bxc6+ bxc6 8.
O-O Be7 9. Ne5 Qc7 10. Re1 Be6 11. Qe2 O-O 12. Nxf7 Bxf7 13. Qxe7 Qxf4 14. Qxc5
Ng4 15. g3 Qh6 16. h4 Rae8 17. Rxe8 Rxe8 18. Qd4 Re1+ 19. Kg2 Qe6 20. Qf4 d4
21. Qxd4 Qf5 22. Qf4 Bd5+ 23. Nxd5 Re2+ 24. Kg1 Re1+ 25. Kg2 Qxd5+ 26. Kh3 Rh1+
0-1

[Event "European Youth Chess Championship G12"]
[Site "Prague, Top Hotel Prague"]
[Date "2016.08.18"]
[Round "1.38"]
[White "Sawhney, Anisha"]
[Black "Lhotska, Anna"]
[Result "0-1"]
[WhiteElo "1301"]
[BlackElo "1611"]
[PlyCount "53"]
[EventDate "2016.08.18"]

1. e4 c5 2. c3 d5 3. exd5 Qxd5 4. d4 g6 5. Nf3 Bg7 6. Na3 a6 7. Bc4 Qd6 8. O-O
Nc6 9. Ng5 Nh6 10. Ne4 Qc7 11. Nxc5 e5 12. d5 Na5 13. b4 Nxc4 14. Nxc4 Nf5 15.
d6 Qd8 16. Re1 O-O 17. d7 b6 18. dxc8=Q Rxc8 19. Qxd8 Rfxd8 20. Nxb6 Rc6 21.
Nbd7 Rc7 22. Bg5 Rdxd7 23. Nxd7 Rxd7 24. Rad1 Rxd1 25. Rxd1 h6 26. Bd8 e4 27.
g4 0-1

[Event "European Youth Chess Championship G12"]
[Site "Prague, Top Hotel Prague"]
[Date "2016.08.18"]
[Round "1.39"]
[White "Marcinczyk, Monika"]
[Black "Rolinkova, Lucie"]
[Result "1-0"]
[WhiteElo "1609"]
[BlackElo "1274"]
[PlyCount "61"]
[EventDate "2016.08.18"]

1. e4 d5 2. exd5 Qxd5 3. Nc3 Qa5 4. d4 e5 5. dxe5 Qxe5+ 6. Be2 Bb4 7. Bd2 Nf6
8. Nf3 Qe7 9. O-O O-O 10. Bg5 Nc6 11. Nd5 Qd8 12. Nxf6+ gxf6 13. Qxd8 Rxd8 14.
Bxf6 Rd6 15. Bg5 Rg6 16. Bd3 Re6 17. Rad1 Ne5 18. Nxe5 Rxe5 19. Bf4 Re7 20. c3
Ba5 21. a4 c6 22. Rfe1 Rxe1+ 23. Rxe1 Be6 24. Re3 Rd8 25. b4 Bb6 26. Rg3+ Kf8
27. a5 Bf5 28. Bf1 Bxa5 29. bxa5 Rd1 30. Re3 f6 31. f3 1-0

[Event "European Youth Chess Championship G12"]
[Site "Prague, Top Hotel Prague"]
[Date "2016.08.18"]
[Round "1.40"]
[White "Subjakova, Kristina"]
[Black "Bellahcene, Sofia"]
[Result "0-1"]
[WhiteElo "1271"]
[BlackElo "1603"]
[PlyCount "60"]
[EventDate "2016.08.18"]

1. e4 c5 2. Nf3 Nc6 3. d4 cxd4 4. Nxd4 g6 5. Nxc6 bxc6 6. Nc3 Bg7 7. Bc4 Nf6 8.
O-O O-O 9. Be3 Qc7 10. Qe2 Rb8 11. Rab1 d6 12. h3 Bd7 13. Rfd1 Rfd8 14. Qd2 Rb4
15. Bd3 Rbb8 16. Qc1 Ne8 17. a3 Rb7 18. Bd2 Be6 19. b3 c5 20. Nd5 Bxd5 21. exd5
Nf6 22. Ba6 Rb6 23. Ba5 Ne4 24. Bxb6 Qxb6 25. Re1 Nc3 26. Ra1 Qxa6 27. Qe3 Nxd5
28. Qe4 Bxa1 29. Rxa1 e6 30. c4 Ne7 0-1

[Event "European Youth Chess Championship G12"]
[Site "Prague, Top Hotel Prague"]
[Date "2016.08.18"]
[Round "1.41"]
[White "Dvorakova, Olga"]
[Black "Sild, Marta Pauliine"]
[Result "0-1"]
[WhiteElo "1601"]
[BlackElo "1239"]
[PlyCount "130"]
[EventDate "2016.08.18"]

1. e4 e5 2. Nf3 Nc6 3. Bb5 a6 4. Ba4 b5 5. Bb3 Nf6 6. d3 Bc5 7. Be3 Bb6 8. O-O
O-O 9. a4 Bb7 10. Bxb6 cxb6 11. axb5 axb5 12. Rxa8 Bxa8 13. Nc3 b4 14. Ne2 d5
15. exd5 Nxd5 16. Ng3 Nf4 17. Ne2 Ng6 18. Ng3 Nf4 19. Ne4 Nd4 20. Ba2 Nxf3+ 21.
Qxf3 Kh8 22. Qe3 Qc7 23. g3 Ng6 24. Bb3 f5 25. Nd2 Qc6 26. f3 f4 27. Qe2 Qc5+
28. Qf2 fxg3 29. hxg3 Qc7 30. Kg2 Rd8 31. Qe3 Bd5 32. Qe2 Bxb3 33. Nxb3 Rc8 34.
Rf2 Kg8 35. Qe4 Qd6 36. Rd2 Qe7 37. Re2 Re8 38. Qc4+ Kf8 39. Qb5 Qd6 40. Re4
Rc8 41. Re2 Rb8 42. Nd2 Qc5 43. Qc4 Rc8 44. Re4 b5 45. Qxc5+ Rxc5 46. Re2 Rxc2
47. b3 Kf7 48. Kf2 Ke6 49. d4 Kd5 50. dxe5 Nxe5 51. f4 Nd3+ 52. Kf3 Rc3 53. Nf1
Nc5+ 54. Kf2 Rxb3 55. Nd2 Rc3 56. Re5+ Kd6 57. Ne4+ Nxe4+ 58. Rxe4 b3 59. Re1
b2 60. Rb1 Rc2+ 61. Ke3 Rc3+ 62. Kf2 Rb3 63. g4 h6 64. Ke2 Kc5 65. Kd2 Rb4 0-1

[Event "European Youth Chess Championship G12"]
[Site "Prague, Top Hotel Prague"]
[Date "2016.08.18"]
[Round "1.42"]
[White "Deleu, Ellen"]
[Black "Trifoi, Mihaela-Ioana"]
[Result "0-1"]
[WhiteElo "1181"]
[BlackElo "1595"]
[PlyCount "104"]
[EventDate "2016.08.18"]

1. e4 c6 2. d4 d5 3. e5 Bf5 4. Nf3 e6 5. Nbd2 Nd7 6. g3 c5 7. c4 cxd4 8. cxd5
exd5 9. Nxd4 Bg6 10. Bg2 Nxe5 11. Qa4+ Qd7 12. Qxd7+ Kxd7 13. Bxd5 Nd3+ 14. Kf1
Rc8 15. Bxb7 Rxc1+ 16. Rxc1 Nxc1 17. Kg2 Nd3 18. Nc4 Bc5 19. Nb5 Bxf2 20. Ne5+
Nxe5 21. Kxf2 Nf6 22. Kg2 Rb8 23. Rd1+ Ke7 24. Ba6 Be4+ 25. Kh3 Rb6 26. Nc7 Rc6
27. Nd5+ Bxd5 28. Bb7 Be6+ 29. Kg2 Rb6 30. Re1 Rxb7 31. Rxe5 Rxb2+ 32. Kf1 Rxa2
33. Rc5 Kd6 34. Rc3 a5 35. h4 a4 36. Ke1 a3 37. Kd1 Ra1+ 38. Kc2 a2 39. Ra3 Rb1
40. Ra6+ Kc7 41. Rxa2 Bxa2 42. Kc3 Rb3+ 43. Kd4 Rxg3 44. Ke5 Rh3 45. Kf4 Rxh4+
46. Kf5 Rg4 47. Ke5 h5 48. Kf5 h4 49. Ke5 h3 50. Kf5 h2 51. Ke5 h1=Q 52. Kf5
Qd5# 0-1

[Event "European Youth Chess Championship G12"]
[Site "Prague, Top Hotel Prague"]
[Date "2016.08.18"]
[Round "1.43"]
[White "Lomaia, Diana"]
[Black "Popovic, Mateja"]
[Result "1-0"]
[WhiteElo "1593"]
[BlackElo "1145"]
[PlyCount "169"]
[EventDate "2016.08.18"]

1. e4 e5 2. Nf3 Nc6 3. Bb5 d6 4. O-O Nf6 5. Qe2 Be7 6. c3 Bd7 7. d3 a6 8. Ba4
O-O 9. Bg5 h6 10. Bh4 Ng4 11. Bg3 Re8 12. Nbd2 Rb8 13. a3 Nf6 14. Bb3 Nh5 15.
Rad1 Nxg3 16. hxg3 Bg4 17. Rfe1 Qd7 18. Nf1 Be6 19. Bxe6 Qxe6 20. Ne3 Bf6 21.
Nd5 Rbc8 22. Qd2 Ne7 23. Nxf6+ Qxf6 24. d4 Nc6 25. d5 Na5 26. Qe2 Nb3 27. Qc2
Nc5 28. b4 Nd7 29. c4 c5 30. Qb3 Qg6 31. Nh4 Qg4 32. Nf5 Qg6 33. b5 axb5 34.
Qxb5 Rc7 35. Rb1 b6 36. a4 Kf8 37. a5 bxa5 38. Qxa5 Rcc8 39. Qa6 Red8 40. Qxd6+
Qxd6 41. Nxd6 Rb8 42. Nf5 Rb4 43. Ne3 Rdb8 44. Ra1 g6 45. Kf1 Nb6 46. Rec1 Ke7
47. Ra7+ Nd7 48. Raa1 Kd6 49. Ke1 Rb3 50. Kd2 Rb2+ 51. Rc2 R8b3 52. Ra2 Rxc2+
53. Kxc2 Rb4 54. Rb2 Nf6 55. f3 Nd7 56. Kc3 Rxb2 57. Kxb2 h5 58. Kb3 Nb6 59.
Nd1 f5 60. Nf2 Nd7 61. Ka4 Nf6 62. Kb5 fxe4 63. Nxe4+ Nxe4 64. fxe4 g5 65. Kb6
h4 66. gxh4 gxh4 67. Kb5 Kd7 68. Kxc5 Kc7 69. d6+ Kd7 70. Kd5 Kd8 71. Ke6 Ke8
72. d7+ Kd8 73. c5 h3 74. gxh3 Kc7 75. Ke7 Kc6 76. d8=Q Kxc5 77. Qd3 Kb4 78.
Qc2 Kb5 79. Qc3 Kb6 80. Qc4 Ka5 81. Qb3 Ka6 82. Qb4 Ka7 83. Kd7 Ka8 84. Kc7 Ka7
85. Qb7# 1-0

[Event "European Youth Chess Championship G12"]
[Site "Prague, Top Hotel Prague"]
[Date "2016.08.18"]
[Round "1.44"]
[White "Orru`, Giulia"]
[Black "Efendieva, Alina"]
[Result "0-1"]
[WhiteElo "1134"]
[BlackElo "1589"]
[PlyCount "94"]
[EventDate "2016.08.18"]

1. g3 e5 2. d3 d5 3. Bg2 Nf6 4. Bg5 Be7 5. Nd2 h6 6. Bxf6 Bxf6 7. c3 O-O 8.
Ngf3 Nc6 9. O-O Re8 10. Qc2 Qe7 11. e4 Be6 12. Rfe1 Rad8 13. exd5 Bxd5 14. Ne4
a6 15. Nfd2 Bg5 16. c4 Nb4 17. Qc3 Bc6 18. c5 Nxd3 19. Red1 Bxd2 20. Rxd2 Bxe4
21. Bxe4 Nxc5 22. Bc2 Rxd2 23. Qxd2 Rd8 24. Qe3 b6 25. b4 Nd7 26. Qe4 Nf6 27.
Qe1 Rd4 28. a3 Qd6 29. Qf1 b5 30. Qh3 Qd7 31. Qg2 c6 32. h4 Rd2 33. Rc1 Rxc2
34. Rxc2 Qd1+ 35. Kh2 Qxc2 36. Kh3 g5 37. hxg5 hxg5 38. Qf3 g4+ 39. Qxg4+ Nxg4
40. Kxg4 Qe4+ 41. Kh3 f5 42. Kh2 Qf3 43. Kg1 e4 44. Kf1 e3 45. Kg1 Qxf2+ 46.
Kh1 e2 47. g4 e1=Q# 0-1

[Event "European Youth Chess Championship G12"]
[Site "Prague, Top Hotel Prague"]
[Date "2016.08.18"]
[Round "1.45"]
[White "Karavitaki, Evaggelia"]
[Black "Burdot, Clara"]
[Result "1-0"]
[WhiteElo "1581"]
[BlackElo "1094"]
[PlyCount "65"]
[EventDate "2016.08.18"]

1. e4 d5 2. exd5 Qxd5 3. Nc3 Qa5 4. d4 Nf6 5. Nf3 c6 6. Bc4 Bf5 7. Bd2 e6 8.
Qe2 Bb4 9. O-O-O Nbd7 10. a3 Bxc3 11. Bxc3 Qc7 12. Bd2 O-O-O 13. g3 Nb6 14. Ba5
Nfd5 15. Ne5 f6 16. Nd3 Rhe8 17. Rhe1 Qf7 18. Bb3 Re7 19. f4 Qg6 20. Qf2 Bg4
21. Rd2 Rde8 22. Qg2 Nd7 23. Nb4 b6 24. Nxc6 Rf7 25. Bxd5 bxa5 26. Nxa7+ Kc7
27. Rd3 Kb6 28. Rb3+ Kxa7 29. Rb7+ Ka8 30. Bxe6 Bxe6 31. Rc7+ Bd5 32. Qxd5+ Kb8
33. Qb7# 1-0

[Event "European Youth Chess Championship G12"]
[Site "Prague, Top Hotel Prague"]
[Date "2016.08.18"]
[Round "1.46"]
[White "Belozerova, Olga"]
[Black "Mihailova, Alina"]
[Result "0-1"]
[WhiteElo "1070"]
[BlackElo "1579"]
[PlyCount "82"]
[EventDate "2016.08.18"]

1. d4 d5 2. c4 c6 3. Nf3 Nf6 4. Nc3 e6 5. Bg5 h6 6. Bh4 dxc4 7. e4 g5 8. Bg3 b5
9. a4 Bb4 10. Qc2 Nbd7 11. Nd2 Bxc3 12. bxc3 a6 13. e5 Nd5 14. Ne4 N7b6 15.
Nd6+ Kf8 16. axb5 cxb5 17. Nxb5 axb5 18. Rxa8 Nxa8 19. Qb2 Qa5 20. Kd2 Nab6 21.
Be2 Na4 22. Qa3+ Kg7 23. Rc1 Bb7 24. Bf3 Ra8 25. Bxd5 Bxd5 26. Rb1 Bxg2 27. Qb4
Be4 28. Re1 Qxb4 29. cxb4 Bf5 30. h4 c3+ 31. Kc1 c2 32. hxg5 hxg5 33. f4 Nc3
34. fxg5 Ra1+ 35. Kd2 Rxe1 36. Bxe1 Na2 37. Bg3 c1=Q+ 38. Ke2 Nc3+ 39. Kf3 Qf1+
40. Bf2 Ne4 41. g6 Qxf2# 0-1

[Event "European Youth Chess Championship G12"]
[Site "Prague, Top Hotel Prague"]
[Date "2016.08.19"]
[Round "2.1"]
[White "Caglar, Sila"]
[Black "Murzina, Agata"]
[Result "1-0"]
[WhiteElo "1983"]
[BlackElo "1651"]
[PlyCount "151"]
[EventDate "2016.08.18"]

1. e4 e5 2. Nf3 Nc6 3. Bb5 a6 4. Ba4 Nf6 5. O-O d6 6. Re1 b5 7. Bb3 Bg4 8. c3
Be7 9. h3 Bh5 10. d3 h6 11. Nbd2 g5 12. Bd5 Qd7 13. a4 Rb8 14. axb5 axb5 15.
Ra6 Nd8 16. d4 exd4 17. cxd4 c6 18. Ba2 g4 19. e5 dxe5 20. dxe5 Nh7 21. e6 fxe6
22. hxg4 Bxg4 23. Bb1 Nf8 24. Qe2 Rg8 25. Ne4 Qd5 26. Bf4 Rc8 27. Qe3 Nd7 28.
Ba2 Qf5 29. Ng3 Qf6 30. Ne5 Nf8 31. Ra7 h5 32. Nxg4 Rxg4 33. Be5 Qg6 34. Bb1
Qg8 35. Qf3 Nf7 36. Bf6 Bc5 37. Ra8 Nd6 38. Rxc8+ Nxc8 39. Qxc6+ Kf7 40. Qxc5
Kxf6 41. Qxc8 h4 42. Ne4+ Kf5 43. Nc5+ Kf6 44. Qc6 h3 45. Qf3+ Ke7 46. Qxh3 Qg5
47. Ne4 Qg8 48. Qf3 Qg7 49. Ng3 Ke8 50. Qa8+ Kf7 51. Qb7+ Kg8 52. Qxg7+ Rxg7
53. Ba2 Re7 54. Nf5 Ra7 55. Bxe6+ Nxe6 56. Rxe6 Ra1+ 57. Kh2 Rf1 58. f3 Rf2 59.
b4 Rb2 60. Re4 Kh7 61. Nd6 Rd2 62. Nxb5 Rd5 63. Nc3 Rh5+ 64. Kg3 Rh6 65. Rh4
Rxh4 66. Kxh4 Kg6 67. b5 Kh6 68. b6 Kg6 69. b7 Kh6 70. b8=Q Kg6 71. Qf8 Kh7 72.
Qf6 Kg8 73. Qe7 Kh8 74. Ne4 Kg8 75. Nf6+ Kh8 76. Qh7# 1-0

[Event "European Youth Chess Championship G12"]
[Site "Prague, Top Hotel Prague"]
[Date "2016.08.19"]
[Round "2.2"]
[White "Ozbek, Busra"]
[Black "Juhasz, Judit"]
[Result "1-0"]
[WhiteElo "1660"]
[BlackElo "1927"]
[PlyCount "81"]
[EventDate "2016.08.18"]

1. d4 Nf6 2. Nf3 g6 3. g3 Bg7 4. Bg2 O-O 5. b3 d6 6. Bb2 c5 7. O-O Nc6 8. c4
Bf5 9. dxc5 dxc5 10. Nh4 Be4 11. Bxe4 Nxe4 12. Bxg7 Kxg7 13. Qc2 Qd4 14. Na3
Nxf2 15. Nf3 Nh3+ 16. Kg2 Qg4 17. Qc3+ f6 18. Qe3 b6 19. Nb5 Rac8 20. Nc3 Rfe8
21. Qe4 h5 22. Rad1 f5 23. Qe3 f4 24. Qc1 Nd4 25. Qb2 Kh7 26. Nxd4 cxd4 27. Nd5
fxg3 28. Rxd4 Qe6 29. hxg3 Ng5 30. Rh4 Rf8 31. Rxf8 Rxf8 32. Qc2 Rf5 33. Nf4
Qc6+ 34. Kh2 e5 35. Nd5 Qe6 36. Ne3 Rf2+ 37. Kg1 Qf6 38. Rxh5+ Kg7 39. Rxg5
Qxg5 40. Kxf2 Qh5 41. Qe4 1-0